[Event "Ottawa op"]
[Site "Ottawa CAN"]
[Date "1984.06.09"]
[Round "1"]
[White "Hartman, Brian"]
[Black "Veltmann, Martin"]
[Result "1-0"]
[WhiteElo "2325"]
[BlackElo "2046"]
[PlyCount "56"]
[GameId "2160767912780754"]
[EventDate "1984.06.09"]
[EventType "swiss"]
[EventRounds "5"]
[EventCountry "CAN"]

1. e4 c5 2. Nf3 Nc6 3. d4 cxd4 4. Nxd4 e6 5. Nc3 a6 6. g3 d6 7. Bg2 Bd7 8. O-O Nf6 9. Re1 Be7 10. b3 O-O 11. Bb2 Rc8 12. h3 Nxd4 13. Qxd4 b5 14. Re2 Bc6 15. a4 b4 16. Qxb4 d5 17. Qd4 dxe4 18. Qa7 Ra8 19. Qe3 Nd5 20. Nxd5 exd5 21. Qc3 Bf6 22. Qxc6 Bxb2 23. Rd1 d4 24. Bxe4 Ra7 25. b4 Qb8 26. Qc4 Bc3 27. b5 axb5 28. axb5 Re7 1-0

[Event "Toronto op"]
[Site "Toronto CAN"]
[Date "1984.04.22"]
[Round "6"]
[White "Pacey, Kevin"]
[Black "Hartman, Brian"]
[Result "0-1"]
[WhiteElo "2157"]
[BlackElo "2317"]
[PlyCount "44"]
[GameId "2160767912785048"]
[EventDate "1984.04.19"]
[EventType "swiss"]
[EventRounds "7"]
[EventCountry "CAN"]

1. e4 c5 2. Nf3 e6 3. Nc3 Nc6 4. Be2 Nf6 5. O-O d5 6. exd5 exd5 7. Bb5 d4 8. Re1+ Be6 9. Ne5 Qc7 10. Qf3 Rc8 11. Nd5 Nxd5 12. Nxf7 Qxf7 13. Qxd5 Ke7 14. d3 h6 15. Bf4 Kf6 16. Qf3 Kg6 17. Rxe6+ Qxe6 18. Bc4 Qd7 19. Bd5 Re8 20. Be4+ Rxe4 21. Qxe4+ Qf5 22. Qe8+ Kh7 0-1

[Event "Belleville op"]
[Site "Belleville CAN"]
[Date "1984.04.??"]
[Round "?"]
[White "Sarkar, Prosanto"]
[Black "Hartman, Brian"]
[Result "1/2-1/2"]
[WhiteElo "2171"]
[BlackElo "2319"]
[PlyCount "83"]
[GameId "2160767912785051"]
[EventDate "1984.04.13"]
[EventType "swiss"]
[EventRounds "5"]
[EventCountry "CAN"]
[SourceTitle "CFC 1984.06"]

1. d4 Nf6 2. c4 e6 3. Nc3 Bb4 4. Qc2 c5 5. dxc5 Nc6 6. Nf3 O-O 7. Bf4 Bxc5 8. e3 d5 9. Be2 dxc4 10. Bxc4 a6 11. O-O b5 12. Be2 Qe7 13. a3 Bb7 14. Rac1 Bd6 15. Bxd6 Qxd6 16. Ne4 Nxe4 17. Qxe4 Na5 18. Qh4 Rac8 19. Rxc8 Rxc8 20. b4 Nc4 21. Rd1 Qc7 22. Rc1 h6 23. Nd2 Qc6 24. Bf1 e5 25. Qg4 Qe6 26. Qxe6 fxe6 27. Bxc4 Bd5 28. e4 Bxc4 29. Nxc4 bxc4 30. Kf1 Kf7 31. Ke2 Ke7 32. Kd2 Rd8+ 33. Kc3 Rd3+ 34. Kxc4 Rxa3 35. Rc2 Kd6 36. f3 h5 37. h4 Ra1 38. Rd2+ Kc6 39. Rd8 Rc1+ 40. Kb3 Rg1 41. Rc8+ Kd7 42. Rc2 1/2-1/2

[Event "Belleville op"]
[Site "Belleville CAN"]
[Date "1984.04.15"]
[Round "5"]
[White "Veltmann, Martin"]
[Black "Hartman, Brian"]
[Result "0-1"]
[WhiteElo "2060"]
[BlackElo "2319"]
[PlyCount "112"]
[GameId "2160767912785056"]
[EventDate "1984.04.13"]
[EventType "swiss"]
[EventRounds "5"]
[EventCountry "CAN"]

1. c4 e5 2. Nc3 Nf6 3. Nf3 Nc6 4. e3 Bb4 5. Nd5 e4 6. Nxb4 Nxb4 7. Qb3 Nc6 8. Nd4 Nxd4 9. exd4 O-O 10. Be2 c6 11. O-O d5 12. d3 dxc4 13. Qxc4 Be6 14. Qb4 exd3 15. Bxd3 Qb6 16. Qc5 Rfd8 17. Rd1 Qxc5 18. dxc5 Rd5 19. Be3 Rad8 20. Be2 Rxd1+ 21. Bxd1 Nd5 22. Bb3 Nxe3 23. fxe3 Rd2 24. Bxe6 fxe6 25. b4 e5 26. a4 Kf7 27. b5 Rc2 28. bxc6 bxc6 29. Rb1 a5 30. Rb7+ Kf6 31. Ra7 Rxc5 32. Kf2 e4 33. Kg3 Rg5+ 34. Kf4 Rxg2 35. Rxa5 Rxh2 36. Kxe4 Rh4+ 37. Kf3 Rc4 38. Ra8 h5 39. a5 Ra4 40. a6 h4 41. a7 Kg5 42. Re8 Rxa7 43. Re5+ Kf6 44. Rc5 Rc7 45. Kg4 Ke6 46. Kxh4 Kd6 47. Rc3 Ke5 48. Kg4 Ke4 49. Kg5 c5 50. Kg4 c4 51. Kg5 Rc6 52. Kh5 Kf3 53. Kg5 Ke2 54. e4 Kd2 55. Rh3 c3 56. e5 c2 0-1

[Event "CAN-ch"]
[Site "Ottawa CAN"]
[Date "1984.??.??"]
[Round "1"]
[White "Kopec, Danny"]
[Black "Hartman, Brian"]
[Result "0-1"]
[WhiteElo "2390"]
[BlackElo "2230"]
[PlyCount "98"]
[GameId "2160767912793494"]
[EventDate "1984.??.??"]
[EventType "tourn"]
[EventRounds "15"]
[EventCountry "CAN"]
[SourceTitle "MCD-ch"]

1. d4 Nf6 2. Nf3 e6 3. g3 d5 4. Bg2 Be7 5. O-O O-O 6. c4 c5 7. cxd5 exd5 8. Nc3 Nc6 9. Bg5 cxd4 10. Nxd4 h6 11. Bf4 Bg4 12. h3 Be6 13. Rc1 Qd7 14. Kh2 Rad8 15. Qa4 Bd6 16. Bxd6 Qxd6 17. Ncb5 Qe5 18. e3 Bd7 19. Nxc6 bxc6 20. Qd4 Qxd4 21. Nxd4 Rb8 22. b3 Rfc8 23. Rc5 Kf8 24. Rfc1 Rb7 25. a3 Rb6 26. b4 a6 27. Ra5 Ke7 28. Bf1 Ra8 29. f3 Ne8 30. Rac5 Rc8 31. e4 dxe4 32. Re5+ Kd6 33. f4 Nf6 34. Rd1 Kc7 35. Nb3 Be6 36. Nc5 Ra8 37. Nxe6+ fxe6 38. Rxe6 Re8 39. Rxe8 Nxe8 40. Re1 Nd6 41. Re3 a5 42. bxa5 Rb2+ 43. Kg1 Rb1 44. Kf2 Nf5 45. Rc3 e3+ 46. Ke2 Nxg3+ 47. Kxe3 Rxf1 48. Rb3 Nf5+ 49. Ke4 Nd6+ 0-1

[Event "CAN-ch"]
[Site "Ottawa CAN"]
[Date "1984.??.??"]
[Round "2"]
[White "Morrison, Robert"]
[Black "Hartman, Brian"]
[Result "1/2-1/2"]
[WhiteElo "2380"]
[BlackElo "2230"]
[PlyCount "50"]
[GameId "2160767912793505"]
[EventDate "1984.??.??"]
[EventType "tourn"]
[EventRounds "15"]
[EventCountry "CAN"]
[SourceTitle "MCD-ch"]

1. e4 c5 2. f4 e6 3. Qe2 Nc6 4. Nf3 Nf6 5. b3 b6 6. g3 Bb7 7. Bg2 d5 8. exd5 Nxd5 9. Bb2 Ndb4 10. Na3 Ba6 11. d3 Rc8 12. f5 Be7 13. O-O O-O 14. fxe6 fxe6 15. Bh3 Rc7 16. Nc4 Bf6 17. Bxf6 Rxf6 18. Ng5 Nd4 19. Qe4 g6 20. Nxe6 Nxe6 21. Bxe6+ Kg7 22. Rxf6 Qxf6 23. Rf1 Qd4+ 24. Qxd4+ cxd4 25. Rf2 Nxa2 1/2-1/2

[Event "CAN-ch"]
[Site "Ottawa CAN"]
[Date "1984.??.??"]
[Round "5"]
[White "Hartman, Brian"]
[Black "Reeve, Jeff"]
[Result "1-0"]
[WhiteElo "2230"]
[BlackElo "2200"]
[PlyCount "119"]
[GameId "2160767912793525"]
[EventDate "1984.??.??"]
[EventType "tourn"]
[EventRounds "15"]
[EventCountry "CAN"]
[SourceTitle "MCD-ch"]

1. e4 c5 2. Nf3 d6 3. d4 cxd4 4. Qxd4 Nc6 5. Bb5 Bd7 6. Bxc6 Bxc6 7. c4 Nf6 8. Nc3 g6 9. O-O Bg7 10. Qd3 O-O 11. Nd4 Nd7 12. Be3 Ne5 13. Qe2 Bd7 14. h3 Rc8 15. b3 f5 16. f4 Nc6 17. Rad1 Nxd4 18. Bxd4 Bxd4+ 19. Rxd4 b5 20. e5 Qb6 21. Rfd1 e6 22. exd6 bxc4 23. bxc4 a6 24. Kh2 Qb4 25. Qd3 Rb8 26. Rb1 Qc5 27. Rb3 Rfc8 28. Ne2 Rxb3 29. axb3 Rb8 30. Nc1 Rb6 31. Qd2 a5 32. h4 a4 33. bxa4 Rb1 34. Ne2 e5 35. fxe5 Qxe5+ 36. Nf4 h6 37. c5 g5 38. hxg5 hxg5 39. Qa2+ Kg7 40. Qxb1 Qxd4 41. Nd3 Qh4+ 42. Kg1 Qxa4 43. Qb2+ Kh7 44. Qd4 Qd1+ 45. Ne1 Kg6 46. Qe3 Bb5 47. Qc3 g4 48. Kh2 Qd5 49. Qe3 Qc4 50. Nd3 Qg8 51. Nf4+ Kh7 52. Qe7+ Qg7 53. Qxg7+ Kxg7 54. Kg3 Kf6 55. Kf2 Ke5 56. Ke3 g3 57. Kf3 Bc6+ 58. Kxg3 Kd4 59. Ne6+ Kd5 60. Nf8 1-0

[Event "CAN-ch"]
[Site "Ottawa CAN"]
[Date "1984.??.??"]
[Round "8"]
[White "Findlay, Ian"]
[Black "Hartman, Brian"]
[Result "0-1"]
[WhiteElo "2305"]
[BlackElo "2230"]
[PlyCount "74"]
[GameId "2160767912801742"]
[EventDate "1984.??.??"]
[EventType "tourn"]
[EventRounds "15"]
[EventCountry "CAN"]
[SourceTitle "MCD"]
[Source "ChessBase"]
[SourceVersion "1"]
[SourceQuality "1"]

1. e4 c5 2. Nf3 d6 3. d4 cxd4 4. Nxd4 Nf6 5. Nc3 a6 6. Be2 e5 7. Nb3 Be7 8. O-O Be6 9. Be3 Nbd7 10. a4 O-O 11. Qd2 Rc8 12. a5 Qc7 13. Rfc1 Qc6 14. Bf3 Bc4 15. Ra4 Rfe8 16. Rb4 Qc7 17. Nd5 Nxd5 18. exd5 f5 19. Be2 Bxe2 20. Qxe2 Nf6 21. c4 f4 22. Bb6 Qd7 23. Rc3 Qf5 24. Qd3 e4 25. Qh3 Qxh3 26. Rxh3 Nd7 27. Bd4 Bf6 28. Bxf6 Nxf6 29. Rc3 e3 30. fxe3 fxe3 31. Kf1 Ng4 32. Nd4 Re4 33. Nf3 e2+ 34. Ke1 Ne3 35. Rxe3 Rxe3 36. b3 Rce8 37. Rxb7 Rd3 0-1

[Event "CAN-ch"]
[Site "Ottawa CAN"]
[Date "1984.??.??"]
[Round "9"]
[White "Hartman, Brian"]
[Black "Berry, Jonathan"]
[Result "1/2-1/2"]
[WhiteElo "2230"]
[BlackElo "2290"]
[PlyCount "132"]
[GameId "2160767912801748"]
[EventDate "1984.??.??"]
[EventType "tourn"]
[EventRounds "15"]
[EventCountry "CAN"]
[SourceTitle "MCD"]
[Source "ChessBase"]
[SourceVersion "1"]
[SourceQuality "1"]

1. e4 e5 2. Nf3 Nc6 3. Bb5 g6 4. c3 a6 5. Ba4 d6 6. d4 Bd7 7. Bg5 Be7 8. Be3 Nf6 9. dxe5 dxe5 10. Nbd2 Ng4 11. Qe2 O-O 12. h4 h5 13. Rd1 Nd4 14. cxd4 Bxa4 15. b3 Bb5 16. Nc4 Nxe3 17. fxe3 Bb4+ 18. Kf2 exd4 19. exd4 Qe7 20. Rd3 Rae8 21. Re3 Kg7 22. Qc2 Bd7 23. Qb2 Qd8 24. a3 Be7 25. b4 Bg4 26. Ncd2 Kh7 27. Qc2 c6 28. Ree1 a5 29. Rb1 axb4 30. axb4 Qd6 31. Rb2 Ra8 32. Re1 Ra3 33. Nc4 Rxf3+ 34. gxf3 Qxd4+ 35. Re3 Bxh4+ 36. Ke2 Be6 37. Nd2 Bg5 38. Rd3 Qg1 39. Qc5 Qg2+ 40. Qf2 Qxf2+ 41. Kxf2 Ra8 42. Nb3 Bf6 43. Nd4 Bc4 44. Rd1 Ra4 45. Kg2 Kh6 46. f4 Ra3 47. Rbd2 h4 48. Nf3 Kh5 49. Rc1 b5 50. Rd6 Be2 51. Ng1 h3+ 52. Kf2 Be7 53. Rd7 Bg4 54. Rxe7 h2 55. Rxf7 Ra2+ 56. Ke3 Ra3+ 57. Kd4 Kh6 58. Ne2 Bxe2 59. Rh1 Rh3 60. Ra7 Bf3 61. Ra3 Kh5 62. Rxf3 Rxf3 63. Rxh2+ Kg4 64. Ke5 Rb3 65. Rg2+ Kf3 66. Rxg6 Rxb4 1/2-1/2

[Event "CAN-ch"]
[Site "Ottawa CAN"]
[Date "1984.??.??"]
[Round "12"]
[White "Pelts, Roman"]
[Black "Hartman, Brian"]
[Result "0-1"]
[WhiteElo "2435"]
[BlackElo "2230"]
[PlyCount "138"]
[GameId "2160767912801772"]
[EventDate "1984.??.??"]
[EventType "tourn"]
[EventRounds "15"]
[EventCountry "CAN"]
[SourceTitle "MCD"]
[Source "ChessBase"]
[SourceVersion "1"]
[SourceQuality "1"]

1. d4 Nf6 2. c4 e6 3. g3 c5 4. Nf3 cxd4 5. Nxd4 d5 6. Bg2 e5 7. Nf3 d4 8. O-O Nc6 9. e3 d3 10. Nc3 Bb4 11. Nxe5 Nxe5 12. Qa4+ Nc6 13. Bxc6+ bxc6 14. Qxb4 Bh3 15. Bd2 Bxf1 16. Rxf1 Qe7 17. Na4 Qxb4 18. Bxb4 O-O-O 19. Bc5 Rd7 20. Bd4 Ne4 21. Rd1 f6 22. f3 Ng5 23. Kf2 Ne6 24. Bc3 h5 25. b3 f5 26. h4 Re8 27. f4 Rh8 28. Bb4 Kb7 29. Kf3 Ra8 30. Ba5 Rc8 31. Rd2 Ka6 32. Bc3 Rb8 33. Be5 Rb4 34. Nb2 Nc5 35. Bd4 Ne4 36. Rxd3 c5 37. Bc3 Rxd3 38. Bxb4 Rd6 39. Be1 Kb6 40. Ke2 Rg6 41. Kf3 Re6 42. Na4+ Kc6 43. Ke2 Kc7 44. Nb2 Ra6 45. Na4 Kc8 46. Kf3 Kc7 47. Ke2 Kd7 48. Kf3 Ke8 49. Ke2 Kd7 50. Kf3 Rxa4 51. bxa4 Nd6 52. a5 a6 53. Bc3 g6 54. Be1 Ke6 55. Bc3 Nxc4 56. e4 fxe4+ 57. Kxe4 Nd6+ 58. Kf3 Kf5 59. Be1 Ne8 60. Ke3 Nf6 61. Kd3 Ke6 62. Bc3 Ne8 63. Kc4 Kd6 64. Be5+ Kc6 65. g4 hxg4 66. f5 Nd6+ 67. Bxd6 Kxd6 68. fxg6 Ke6 69. h5 Kf6 0-1

[Event "CAN-ch"]
[Site "Ottawa CAN"]
[Date "1984.??.??"]
[Round "14"]
[White "Baragar, Fletcher"]
[Black "Hartman, Brian"]
[Result "0-1"]
[WhiteElo "2280"]
[BlackElo "2230"]
[PlyCount "94"]
[GameId "2160767912801782"]
[EventDate "1984.??.??"]
[EventType "tourn"]
[EventRounds "15"]
[EventCountry "CAN"]
[SourceTitle "MCD"]
[Source "ChessBase"]
[SourceVersion "1"]
[SourceQuality "1"]

1. d4 Nf6 2. c4 e6 3. Nc3 Bb4 4. e3 O-O 5. Bd3 d5 6. Nf3 c5 7. O-O Nc6 8. a3 Bxc3 9. bxc3 Qc7 10. cxd5 exd5 11. Ne1 Re8 12. f3 Bd7 13. g4 h6 14. Ng2 Rac8 15. Ra2 Qa5 16. Bd2 Ne7 17. Qb1 c4 18. Bc2 Ba4 19. Bxa4 Qxa4 20. e4 dxe4 21. fxe4 Qc6 22. e5 Ne4 23. Nh4 Rcd8 24. Nf5 Ng6 25. Be1 Ng5 26. h4 Nf3+ 27. Kf2 Nfxh4 28. Kg3 Nxf5+ 29. gxf5 Nxe5 30. dxe5 Rd3+ 31. Kh2 Rxe5 32. Rg2 Qe4 33. Qc1 Rxf5 34. Rxf5 Qxf5 35. Kg1 Qc5+ 36. Bf2 Qd5 37. Qf1 Rxc3 38. Qe2 Rd3 39. Qe8+ Kh7 40. Qe2 c3 41. Be3 Rd1+ 42. Kf2 Qf5+ 43. Kg3 Rd3 44. Rf2 Qg5+ 45. Kf3 Qh5+ 46. Ke4 Qd5+ 47. Kf4 c2 0-1

[Event "CAN-ch"]
[Site "Ottawa CAN"]
[Date "1984.??.??"]
[Round "15"]
[White "Hartman, Brian"]
[Black "Taylor, Gordon"]
[Result "1/2-1/2"]
[WhiteElo "2230"]
[BlackElo "2325"]
[PlyCount "90"]
[GameId "2160767912801790"]
[EventDate "1984.??.??"]
[EventType "tourn"]
[EventRounds "15"]
[EventCountry "CAN"]
[SourceTitle "MCD-ch"]

1. e4 c5 2. Nf3 Nc6 3. d4 cxd4 4. Nxd4 g6 5. c4 Bg7 6. Be3 Nf6 7. Nc3 O-O 8. Be2 d6 9. O-O Nxd4 10. Bxd4 a5 11. Qd2 Bd7 12. c5 e5 13. Be3 dxc5 14. Bxc5 Re8 15. Qe3 Bc6 16. Rfd1 Qc8 17. Rac1 Rd8 18. Bb6 Rxd1+ 19. Rxd1 Qe6 20. b3 Nxe4 21. Bc4 Qf6 22. Nxe4 Bxe4 23. Rd7 Rf8 24. Bxa5 Bc6 25. Rc7 Qd6 26. Qd2 Qxd2 27. Bxd2 Rd8 28. Bxf7+ Kh8 29. Bc4 Rxd2 30. Rc8+ Bf8 31. Rxf8+ Kg7 32. Rf7+ Kh8 33. h4 Rxa2 34. Kh2 Rd2 35. Kg3 b5 36. Be6 Rd3+ 37. f3 Rd6 38. Re7 Rd4 39. Rc7 Rd6 40. Bf7 Bd7 41. h5 gxh5 42. Kh4 Be6 43. Bxe6 Rxe6 44. Kxh5 e4 45. fxe4 Rxe4 1/2-1/2

[Event "CAN-op"]
[Site "Toronto CAN"]
[Date "1983.07.09"]
[Round "1"]
[White "Armstrong, John F"]
[Black "Hartman, Brian"]
[Result "1-0"]
[WhiteElo "2031"]
[BlackElo "2303"]
[PlyCount "86"]
[GameId "2160767912810311"]
[EventDate "1983.07.09"]
[EventType "swiss"]
[EventRounds "10"]
[EventCountry "CAN"]
[SourceTitle "EXT 2022"]
[Source "ChessBase"]
[SourceDate "2021.10.06"]
[SourceVersion "1"]
[SourceVersionDate "2021.10.06"]
[SourceQuality "1"]

1. d4 d5 2. c4 e6 3. Nc3 c5 4. cxd5 cxd4 5. Qa4+ Bd7 6. Qxd4 exd5 7. Qxd5 Nc6 8. Nf3 Nf6 9. Qd1 Bc5 10. e3 Qe7 11. Be2 O-O 12. O-O Rfd8 13. a3 Rac8 14. Qc2 Bg4 15. h3 Bh5 16. Bd2 Bd6 17. Rad1 Ne5 18. Nd4 Bg6 19. Qb3 Bb8 20. Nf3 Ne4 21. Bc1 Nxf3+ 22. Bxf3 Qe5 23. Rxd8+ Rxd8 24. Rd1 Qh2+ 25. Kf1 Nd2+ 26. Rxd2 Rxd2 27. Ke1 Rc2 28. Bd2 Bd3 29. Kd1 Qh1+ 30. Be1 Rxf2 31. Ne2 Bxe2+ 32. Bxe2 Bg3 33. Qxb7 h5 34. Qc8+ Kh7 35. Qc3 g6 36. e4 h4 37. b4 Rf6 38. Bf3 Bxe1 39. Qxe1 Rd6+ 40. Ke2 Qxe1+ 41. Kxe1 Ra6 42. Be2 Rxa3 43. Kf2 Ra4 1-0

[Event "CAN-op"]
[Site "Toronto CAN"]
[Date "1983.07.11"]
[Round "4"]
[White "Hartman, Brian"]
[Black "Kiviaho, Robert"]
[Result "1-0"]
[WhiteElo "2315"]
[BlackElo "2090"]
[PlyCount "59"]
[GameId "2160767912810352"]
[EventDate "1983.07.09"]
[EventType "swiss"]
[EventRounds "10"]
[EventCountry "CAN"]
[SourceTitle "EXT 2022"]
[Source "ChessBase"]
[SourceDate "2021.10.06"]
[SourceVersion "1"]
[SourceVersionDate "2021.10.06"]
[SourceQuality "1"]

1. e4 e5 2. Nf3 Nc6 3. Bb5 f5 4. Nc3 Nd4 5. exf5 Nxb5 6. Nxb5 e4 7. Ne5 Nf6 8. Ng4 Be7 9. Nxf6+ Bxf6 10. Qh5+ Kf8 11. d3 c6 12. Nd6 Qe7 13. Bf4 exd3+ 14. Kd1 g6 15. fxg6 hxg6 16. Bh6+ Bg7 17. Qf3+ Kg8 18. Bxg7 dxc2+ 19. Kxc2 Kxg7 20. Rad1 Rf8 21. Rhe1 Qg5 22. Qc3+ Kh6 23. Re8 Rxf2+ 24. Kb1 Qxg2 25. Rh8+ Kg5 26. Qe5+ Rf5 27. Nf7+ Kg4 28. Rd4+ Kf3 29. Qe4+ Kf2 30. Rd2+ 1-0

[Event "CAN-op"]
[Site "Toronto CAN"]
[Date "1983.07.15"]
[Round "8"]
[White "Hartman, Brian"]
[Black "Mayer, Steve"]
[Result "0-1"]
[WhiteElo "2315"]
[BlackElo "2148"]
[PlyCount "82"]
[GameId "2160767912810398"]
[EventDate "1983.07.09"]
[EventType "swiss"]
[EventRounds "10"]
[EventCountry "CAN"]
[SourceTitle "EXT 2022"]
[Source "ChessBase"]
[SourceDate "2021.10.06"]
[SourceVersion "1"]
[SourceVersionDate "2021.10.06"]
[SourceQuality "1"]

1. e4 c6 2. d4 d5 3. Nd2 dxe4 4. Nxe4 Nd7 5. Bc4 Ngf6 6. Ng5 e6 7. Qe2 Nb6 8. Bd3 h6 9. N5f3 c5 10. dxc5 Bxc5 11. Ne5 Nbd7 12. Ngf3 Qc7 13. O-O O-O 14. Bd2 b6 15. c4 Bb7 16. Bc3 Be7 17. b4 Rad8 18. Rac1 Qb8 19. Nd2 Qa8 20. f4 a5 21. a3 axb4 22. axb4 Qa3 23. Rc2 Bxb4 24. Ra1 Qxc3 25. Rxc3 Bxc3 26. Ra7 Nc5 27. Rxb7 Nxb7 28. Nc6 Nc5 29. Ne4 Rxd3 30. Nf2 Bd4 31. g4 Bxf2+ 32. Qxf2 Nxg4 33. Qb2 Rd1+ 34. Kg2 Ne3+ 35. Kf3 Nxc4 36. Qb5 Rd3+ 37. Kf2 Rd2+ 38. Kf3 Ra8 39. Qxc4 Ra3+ 40. Kg4 Rg2+ 41. Kh4 Rxh2+ 0-1

[Event "CAN-op Warmup"]
[Site "Toronto CAN"]
[Date "1993.07.??"]
[Round "?"]
[White "Hartman, Brian"]
[Black "Findlay, Ian"]
[Result "1/2-1/2"]
[WhiteElo "2302"]
[BlackElo "2343"]
[PlyCount "121"]
[GameId "2160767912810499"]
[EventDate "1983.07.??"]
[EventType "swiss"]
[EventRounds "5"]
[EventCountry "CAN"]
[SourceTitle "CFC 1983.09"]

1. e4 c5 2. Nf3 d6 3. d4 cxd4 4. Nxd4 Nf6 5. Nc3 g6 6. Be3 Bg7 7. f3 Nc6 8. Qd2 O-O 9. Bc4 Bd7 10. O-O-O Rc8 11. Bb3 Ne5 12. h4 h5 13. Bg5 Rc5 14. g4 hxg4 15. h5 Nxh5 16. f4 Nc6 17. e5 Nxd4 18. Qxd4 Bc6 19. Rh4 Bf3 20. Qd3 d5 21. Rd2 Qd7 22. Ne2 a5 23. a4 b5 24. axb5 a4 25. Ba2 Rfc8 26. Nd4 Be4 27. Qe2 g3 28. Nc6 g2 29. Rg4 R5xc6 30. bxc6 Qxc6 31. Rxg2 a3 32. Rf2 axb2+ 33. Kb1 Qc3 34. Qb5 Qg3 35. Rf1 e6 36. Qxb2 Bf8 37. Qb3 Qxb3+ 38. Bxb3 Bb4 39. Rd4 Bc3 40. Ra4 d4 41. Rd1 Ng3 42. Rdxd4 Bxd4 43. Rxd4 Ne2 44. Rd2 Ng3 45. Kb2 Bc6 46. c4 Ne4 47. Rd8+ Rxd8 48. Bxd8 Kg7 49. Bc2 Kf8 50. Ka3 Ke8 51. Bh4 Kd7 52. Kb4 Kc7 53. Ka5 Kb7 54. Bd8 Nd2 55. Kb4 Ne4 56. Ba5 g5 57. fxg5 Nxg5 58. Bd8 Ne4 59. Bh4 Kc7 60. Be1 f5 61. Bd1 1/2-1/2

[Event "CAN-op Warmup"]
[Site "Toronto CAN"]
[Date "1983.06.26"]
[Round "5"]
[White "Pacey, Kevin"]
[Black "Hartman, Brian"]
[Result "0-1"]
[WhiteElo "1980"]
[BlackElo "2297"]
[PlyCount "110"]
[GameId "2160767912810503"]
[EventDate "1983.07.??"]
[EventType "swiss"]
[EventRounds "5"]
[EventCountry "CAN"]

1. e4 e5 2. Nf3 Nc6 3. Bb5 a6 4. Ba4 Nf6 5. O-O Be7 6. Qe2 b5 7. Bb3 O-O 8. c3 d5 9. d3 Re8 10. Rd1 Bb7 11. Nbd2 Bf8 12. Nf1 Na5 13. Bc2 c5 14. Ng3 g6 15. h3 Bg7 16. Nh2 Qc7 17. Ng4 Nxg4 18. hxg4 c4 19. dxc4 d4 20. cxb5 axb5 21. Qf3 Rec8 22. Rb1 b4 23. Bg5 bxc3 24. bxc3 Ba6 25. cxd4 Qxc2 26. dxe5 Nc4 27. Rbc1 Nxe5 28. Qa3 Bc4 29. Qxa8 Qxd1+ 30. Rxd1 Rxa8 31. Rd8+ Rxd8 32. Bxd8 Bxa2 33. f3 Nc4 34. Ne2 Bf8 35. Nc1 Bc5+ 36. Kh2 Bb1 37. Ne2 Bd3 38. Nc3 Ne3 39. Bf6 Bb4 40. Kg1 Kf8 41. Bd4 Nc2 42. Bf6 Bc5+ 43. Kh2 Bd4 44. Nd5 Bxf6 45. Nxf6 h6 46. g5 hxg5 47. Nh7+ Kg7 48. Nxg5 Nd4 49. e5 Ne6 50. Nh3 g5 51. Nf2 Bf5 52. Nd1 Kg6 53. Ne3 Nd4 54. Kg3 Be6 55. Nd1 Kf5 0-1

[Event "Toronto Class ch"]
[Site "Toronto CAN"]
[Date "1983.01.30"]
[Round "5"]
[White "Hartman, Brian"]
[Black "Day, Lawrence"]
[Result "1/2-1/2"]
[WhiteElo "2317"]
[BlackElo "2428"]
[PlyCount "33"]
[GameId "2160767912810935"]
[EventDate "1983.01.28"]
[EventType "swiss"]
[EventRounds "5"]
[EventCountry "CAN"]
[SourceTitle "CFC 1984.06"]

1. e4 e5 2. Nf3 Nc6 3. Bb5 a6 4. Ba4 Nf6 5. O-O Be7 6. Re1 b5 7. Bb3 d6 8. c3 O-O 9. h3 Qd7 10. d3 Bb7 11. Nbd2 Rae8 12. Nf1 Bd8 13. a4 Kh8 14. axb5 axb5 15. Ng3 Nb8 16. Nh2 d5 17. Be3 1/2-1/2

[Event "RA Winter op"]
[Site "Ottawa CAN"]
[Date "1983.01.??"]
[Round "?"]
[White "Hartman, Brian"]
[Black "Simon, Paul"]
[Result "1-0"]
[WhiteElo "2332"]
[BlackElo "2093"]
[PlyCount "63"]
[GameId "2160767912810958"]
[EventDate "1983.01.??"]
[EventType "swiss"]
[EventRounds "5"]
[EventCountry "CAN"]
[SourceTitle "CFC 1983.03"]

1. e4 c5 2. Nf3 d6 3. d4 cxd4 4. Nxd4 Nf6 5. Nc3 Nc6 6. Bc4 e6 7. Be3 a6 8. Qe2 Be7 9. O-O-O Qc7 10. Rhg1 O-O 11. g4 Nd7 12. g5 Nc5 13. Qh5 Re8 14. Nf5 g6 15. Nxe7+ Qxe7 16. Qh6 b5 17. Bd5 Bb7 18. Rg4 b4 19. Rh4 f6 20. Bxc5 fxg5 21. Bxe6+ Kh8 22. Nd5 Qg7 23. Qxh7+ Qxh7 24. Rxh7+ Kxh7 25. Nf6+ Kh6 26. Nxe8 Rxe8 27. Rxd6 Ne5 28. Bd5 Bxd5 29. exd5 Nf3 30. Re6 Rd8 31. d6 Nxh2 32. Bxb4 1-0

[Event "Toronto op"]
[Site "Toronto CAN"]
[Date "1981.??.??"]
[Round "?"]
[White "Hartman, Brian"]
[Black "McGarrett, Ian"]
[Result "1-0"]
[WhiteElo "2303"]
[BlackElo "2029"]
[PlyCount "59"]
[GameId "2160767912845493"]
[EventDate "1981.04.17"]
[EventType "swiss"]
[EventRounds "6"]
[EventCountry "CAN"]
[SourceTitle "CFC 1981.07"]

1. e4 c5 2. Nf3 e6 3. d4 cxd4 4. Nxd4 a6 5. Nc3 Qc7 6. Be3 Nf6 7. Bd3 Be7 8. Nb3 Nc6 9. O-O O-O 10. f4 d6 11. Qf3 Rb8 12. Kh1 Re8 13. g4 b6 14. g5 Nd7 15. Qh5 Nc5 16. Rf3 g6 17. Qh4 h5 18. f5 Nxd3 19. cxd3 Ne5 20. fxg6 fxg6 21. Rf6 Bxf6 22. gxf6 Nf7 23. Rg1 Kh7 24. Nd4 Rh8 25. Qxh5+ Kg8 26. Qxg6+ Kf8 27. Qg7+ Ke8 28. Qxh8+ Nxh8 29. Rg8+ Kd7 30. Rxh8 1-0

[Event "Toronto op"]
[Site "Toronto CAN"]
[Date "1981.04.18"]
[Round "4"]
[White "Hartman, Brian"]
[Black "Pacey, Kevin"]
[Result "1-0"]
[WhiteElo "2132"]
[BlackElo "2013"]
[PlyCount "43"]
[GameId "2160767912845503"]
[EventDate "1981.04.17"]
[EventType "swiss"]
[EventRounds "6"]
[EventCountry "CAN"]
[SourceTitle "EXT 2022"]
[Source "ChessBase"]
[SourceDate "2021.10.06"]
[SourceVersion "1"]
[SourceVersionDate "2021.10.06"]
[SourceQuality "1"]

1. e4 e6 2. d4 d5 3. Nd2 Nf6 4. e5 Nfd7 5. Ngf3 c5 6. c3 Nc6 7. Bd3 Qb6 8. O-O cxd4 9. cxd4 Nxd4 10. Nxd4 Qxd4 11. Nf3 Qb6 12. Qa4 Qb4 13. Qc2 Qc5 14. Qe2 Be7 15. Be3 Qa5 16. Rfc1 O-O 17. Bg5 f6 18. exf6 Nxf6 19. Rxc8 Rfxc8 20. Qxe6+ Kf8 21. Ne5 Ke8 22. Bxf6 1-0

[Event "Ontario-ch 1980-81"]
[Site "Toronto CAN"]
[Date "1980.12.26"]
[Round "1"]
[White "Hartman, Brian"]
[Black "Vranesic, Zvonko"]
[Result "0-1"]
[WhiteElo "2377"]
[BlackElo "2306"]
[PlyCount "142"]
[GameId "2160767912845973"]
[EventDate "1980.12.26"]
[EventType "tourn"]
[EventRounds "9"]
[EventCountry "CAN"]
[SourceTitle "EXT 97"]
[Source "ChessBase"]
[SourceDate "1997.11.17"]
[SourceVersion "1"]
[SourceVersionDate "1997.11.17"]
[SourceQuality "1"]

1. e4 c6 2. d4 d5 3. Nc3 dxe4 4. Nxe4 Nf6 5. Nxf6+ gxf6 6. Be2 Bf5 7. Nf3 Qc7 8. Be3 Nd7 9. O-O e6 10. c4 O-O-O 11. d5 Nb6 12. Nd4 Be4 13. f3 Bg6 14. f4 Be4 15. Rc1 Kb8 16. d6 Qc8 17. Bf3 Bxf3 18. Qxf3 c5 19. Nb5 a6 20. b4 Nd7 21. bxc5 Nxc5 22. Qf2 b6 23. Rb1 Qc6 24. Nd4 Qxd6 25. Qf3 Rc8 26. Rfd1 Qc7 27. Kh1 Qb7 28. Qf1 Ka8 29. Nb3 Be7 30. Rd2 Qc6 31. Rdb2 Na4 32. Rc2 Rhd8 33. Qf2 Nc5 34. Nd4 Qe4 35. Rxb6 Rb8 36. Rxb8+ Rxb8 37. h3 Rb1+ 38. Kh2 Nd3 39. Qf3 Qxf3 40. Nxf3 Rb2 41. Rc3 Nc5 42. Nd4 Kb7 43. Nb3 Ne4 44. Rd3 Kc6 45. Na5+ Kc7 46. Rb3 Rxb3 47. Nxb3 Bb4 48. Kg1 Kd6 49. Kf1 f5 50. a4 a5 51. Bb6 Nc3 52. Bxa5 Bxa5 53. Nxa5 Nxa4 54. Nb3 Nb2 55. c5+ Kd5 56. Ke2 Na4 57. g4 Nxc5 58. Nd2 fxg4 59. hxg4 Kd4 60. Kf3 Kd3 61. Nf1 Nb3 62. g5 Nd4+ 63. Kg4 Nf5 64. Nh2 Ke4 65. Nf3 h5+ 66. gxh6 Nxh6+ 67. Kg3 Nf5+ 68. Kg4 Ne3+ 69. Kg3 Nf1+ 70. Kf2 Kxf4 71. Nd4 Ng3 0-1